00365nam a2200121 450000500170000002000180001708200170003508400250005210000450007724500700012226000410019230000100023320260522114754.0 a9788119681372 a320.3 MAN.C  2Colon Classification aManish Kumar Sao aDevendra Kumar Sahoo  aComparative politics / Manish Kumar Sao and Devendra Kumar Sahoo  aUP :bMangalam publications, cc2025 a330p.